000
00248nam a2200109Ia 4500
008
220204s9999 xx 000 0 und d
082
_a
82-3
_b
CLA
100
_a
Arthur C
245
0
_a
Rendezvous with Rama
260
_b
Ballantine
_c
1974
942
_c
BK
999
_c
24734
_d
24734